000 00605nam a22001817a 4500
005 20251108165036.0
008 250721s1996 xx 000 0 ara d
082 1 4 _a364/امي
100 1 _aمحمد، أمين مصطفى
245 1 0 _aمبادئ علم الإجرام الظاهرة الإجرامية بين التحليل والتفسير /
264 1 _aالقاهرة :
_bدار الجامعة الجديدة للنشر،
_c1996.
300 _a349ص
650 1 7 _aالجريمة
650 1 7 _aالمجرمون
650 1 7 _aالقانون الجنائي
942 _2ddc
_cBK
999 _c20672
_d20672